[Event "18th Neckar Open 2014"]
[Site "Deizisau GER"]
[Date "2014.04.21"]
[Round "9.14"]
[White "Noe, Christopher"]
[Black "Epishin, Vladimir"]
[Result "0-1"]
[BlackTitle "GM"]
[WhiteElo "2303"]
[BlackElo "2546"]
[WhiteFideId "24692018"]
[BlackFideId "4162714"]
[EventDate "2014.04.17"]

1. e4 g6 2. c4 e5 3. Nf3 d6 4. d4 Nd7 5. Nc3 Bg7 6. Be2 Ne7 7. O-O O-O 8. Re1 h6
9. Bf1 c5 10. dxc5 dxc5 11. b3 Nc6 12. Bb2 Nd4 13. Nd5 a5 14. Nxd4 exd4 15. a3
Re8 16. b4 b6 17. Qd2 g5 18. b5 Ne5 19. a4 Qd6 20. f4 gxf4 21. Qxf4 Bb7 22. Ra3
Re6 23. Rg3 Rae8 24. Bc1 Rg6 25. Kh1 Ree6 26. Be2 Rxg3 27. Qxg3 Ng6 28. Qxd6
Rxd6 29. Bg4 Kf8 30. Kg1 d3 31. h3 Bd4+ 32. Kh1 Kg7 33. Rd1 Bxd5 34. exd5 Rf6
35. d6 Rxd6 36. Rxd3 Ne5 37. Rd1 Rf6 38. Be2 Rf2 39. Bf1 Ra2 40. Bf4 f6 41. g4
Rxa4 42. Bxe5 fxe5 43. Kg2 e4 44. Re1 Ra2+ 45. Re2 Rxe2+ 46. Bxe2 a4 47. Bd1 a3
48. Bb3 Kf6 49. h4 Be3 50. Kf1 Ke5 51. Ke2 Kd4 52. Ba2 Bf4 53. Bb1 Ke5 0-1